| 000 | 01110nam a2200193 4500 | ||
|---|---|---|---|
| 999 |
_c56916 _d56916 |
||
| 003 | Ge_BSU | ||
| 005 | 20190618172919.0 | ||
| 008 | 190618b1977 ge ||||| |||| 00| 0 geo d | ||
| 041 | _ageo | ||
| 080 | _a725.1(075.8) + 725.1 ბ-56 | ||
| 100 |
_aბერიშვილი, ა. _92560 |
||
| 245 |
_aსამოქალაქო და სამრეწველო შენობების არქიტექტურა შენობათა კონსტრუქციები : _b[სახელმძღვ. პოლიტექნ. ინ-ტის სტუდენტებისათვის] / _cა. ბერიშვილი |
||
| 264 |
_aთბილისი : _bგანათლება, _c1977. |
||
| 300 |
_a351 გვ. : _bილ. ; _c26 სმ. |
||
| 653 | _aსამოქალაქო შენობების არქიტექტურა | ||
| 653 | _a სამრეწველო შენობების არქიტექტურა | ||
| 653 | _aშენობების კონსტრუქციები | ||
| 942 |
_2udc _cBK |
||